| 000 | 02354cab a2200541 4500 | ||
|---|---|---|---|
| 001 | ABS48249 | ||
| 008 | 090401t1993 xxu||||| |||| 00| 0 eng d | ||
| 035 | _a(Sirsi) u65696 | ||
| 041 | _aeng | ||
| 100 | _aWilliams, D. | ||
| 245 | _aRent review 1992 update | ||
| 260 | _c1993 | ||
| 350 | _a0 | ||
| 490 |
_aEstates Gazette _v(9310) 13 March 1993, 112-117(6) |
||
| 520 | _aSurvey of the year`s rent review case law analysing developments and trends. Examines the recurring issues of time limits, interpretation, hypothetical leases, fitness of occupation and arbitration. | ||
| 650 | _aART AND SOUND LTD V WEST END LITHO LTD | ||
| 650 | _aBASINGSTOKE AND DEANE BC V HOST GROUP LTD | ||
| 650 | _aBRITISH AIRWAYS PLC V HEATHROW AIRPORT LTD | ||
| 650 | _aBRITISH GAS PLC V DOLLAR LAND HOLDINGS PLC | ||
| 650 | _aBUYNEAT LTD V TANAP INVESTMENTS (UK) LTD | ||
| 650 | _aC BRADLEY AND SONS LTD V TELEFUSION LTD | ||
| 650 | _aCITY OFFICES PLC V BRYANSTON INSURANCE CO LTD | ||
| 650 | _aCOMMISSION FOR THE NEW TOWNS V CHESTERFIELD PROPERTIES PLC | ||
| 650 | _aFIT FOR OCCUPATION | ||
| 650 | _aHYPOTHETICAL LEASES | ||
| 650 | _aICELAND FROZEN FOODS PLC V STARLIGHT INVESTMENTS LTD | ||
| 650 | _aJONES V SHERWOOD COMPUTER SERVICES LTD | ||
| 650 | _aKINGS (ESTATE AGENTS) LTD V ANDERSON | ||
| 650 | _aLAURA INVESTMENT CO LTD V HAVERING LBC | ||
| 650 | _aLONDON GENERAL HOLDINGS LTD V KINGSTON-UPON-THAMES NOMINEEES LTD | ||
| 650 | _aNORTH HERTFORDSHIRE DC V HITCHIN INDUSTRIAL ESTATE LTD | ||
| 650 | _aPATEL V PEEL INVESTMENTS (SOUTH) LTD | ||
| 650 | _aPONTSARN INVESTMENTS LTD V KANSALLIS-OSAKE-PANKKI | ||
| 650 | _aPOSTEL PROPERTIES LTD V GREENWELL | ||
| 650 | _aPRUDENTIAL ASSURANCE CO LTD V 99 BISHOPGATE LTD | ||
| 650 | _aPRUDENTIAL ASSURANCE CO LTD V SALISBURYS HANDBAGS LTD | ||
| 650 | _aPRUDENTIAL PROPERTY SERVICES LTD V CAPITAL LAND HOLDINGS | ||
| 650 | _aRENT REVIEWS | ||
| 650 | _aSHEERNESS STEEL CO PLC V MEDWAY PORTS AUTHORITY | ||
| 650 | _aSHUWA ASHDOWN HOUSE CORPORATION V GARYRIGG PROPERTIES LTD | ||
| 650 | _aSKILLION PLC V KELTEC INDUSTRIAL RESEARCH LTD | ||
| 650 | _aTIME LIMITS | ||
| 650 | _aVISION HIRE LTD V BRITEL FUND TRUSTEES LTD | ||
| 650 | _aWGTC NOMINEES LTD V HAMILTON INSTALLATIONS LTD | ||
| 690 | _aLANDLORD AND TENANT-RENT REVIEWS | ||
| 942 | _n0 | ||
| 948 | _c04/03/1997 | ||
| 999 |
_c40995 _d40995 |
||